| 000 | 00387nam a2200121 4500 | ||
|---|---|---|---|
| 999 |
_c10913 _d10913 |
||
| 008 | 180927b ||||| |||| 00| 0 eng d | ||
| 100 |
_931725 _aSantos, Justine |
||
| 245 |
_aNational library rekindless love of reading with book cart library/ _cJustine Santos |
||
| 260 |
_aPhilippines _bThe Philippine Star _cc2017 |
||
| 300 | _apage B6. | ||
| 650 | 0 |
_931726 _aLibraries. |
|
| 942 |
_2ddc _cPER |
||